Groupes de musique par images ! - Statistiques

Statistiques générales
  • Ce quiz a été pris 677 fois
  • Le résultat moyen est 7 sur 14
Statistiques - réponses
Par images Réponse % Correct
Rolling Stones
91%
Metallica
87%
Kiss
86%
Nirvana
77%
Red Hot Chili Peppers
68%
ACDC
67%
Arctic Monkeys
54%
Green Day
53%
Iron Maiden
43%
Muse
35%
Guns N' Roses
31%
Slipknot
24%
Pink Floyd
4%
Royal Blood
2%
Aucun quiz correspondant
Distribution des résultats
% des personnes avec chaque résultat
Percentile par nombre de réponses
Votre historique - résultats
Vous n’avez pas pris ce quiz